Introducción a la metalurgia física
Saved in:
| Hovedforfatter: | |
|---|---|
| Format: | Bog |
| Sprog: | spansk |
| Udgivet: |
Madrid
Del Castillo
1966
|
| Fag: | |
| Tags: |
Tilføj Tag
Ingen Tags, Vær først til at tagge denne postø!
|
MARC
| LEADER | 00000nam a2200000 a 4500 | ||
|---|---|---|---|
| 001 | UCP0555 | ||
| 003 | CL-VaPUC | ||
| 008 | 990313e19660000SP |||||||||||||||||spa|d | ||
| 082 | 0 | 4 | |a 669.94 |b AVN |2 21 |
| 100 | 0 | |a Avner, Sydney H |e author |9 425890 | |
| 245 | 1 | 0 | |a Introducción a la metalurgia física |
| 300 | |a 559 p | ||
| 942 | |c BK | ||
| 945 | |d 19990313 00:00:00 |a lriquelm | ||
| 260 | |a Madrid |b Del Castillo |c 1966 | ||
| 650 | 0 | |a Metalurgia |9 263720 | |
| 650 | 7 | |a METALURGIA FISICA |2 CL-VaPUC |9 271683 | |
| 650 | 7 | |a HERRAMIENTAS |2 CL-VaPUC |9 263987 | |
| 650 | 0 | |a Metales |9 260686 | |
| 650 | 0 | |a Aleación (Química) |9 263528 | |
| 650 | 7 | |a HIERRO |2 CL-VaPUC |9 357538 | |
| 650 | 0 | |a Aceros |9 260685 | |
| 650 | 7 | |a CORROSION |2 CL-VaPUC |9 271912 | |
| 583 | |a last modification |c 20160105 12:40:37 |k Rodrigo Vera | ||
| 999 | |c 279321 |d 279319 | ||
| 952 | |0 0 |1 0 |2 ddc |4 0 |6 669_940000000000000_AVN_1966 |7 0 |8 A |9 318378 |a BIBMEC |b BIBMEC |d 2019-11-20 |i 1326481 |o 669.94 AVN 1966 |p 1326481 |r 2024-01-19 |w 2019-11-20 |y BK_P |k MEC | ||